|
|
|
|
| LEADER |
00000nam0a2200000 4500 |
| 001 |
300102 |
| 005 |
20231102001252.0 |
| 035 |
|
|
|a (RuTPU)RU\TPU\book\325255
|
| 090 |
|
|
|a 300102
|
| 100 |
|
|
|a 20150707d1982 km y0rusy50 ca
|
| 101 |
0 |
|
|a rus
|
| 102 |
|
|
|a RU
|
| 105 |
|
|
|a a z 001zy
|
| 200 |
1 |
|
|a Информационный анализ социальных процессов. Проблемы социологической информатики
|f Я. В. Рейзема
|g Академия наук СССР (АН СССР), Институт социологических исследований (ИСИ)
|
| 210 |
|
|
|a Москва
|c Наука
|d 1982
|
| 215 |
|
|
|a 199 с.
|c ил.
|
| 320 |
|
|
|a Библиогр.: с. 188-196
|
| 606 |
1 |
|
|a Социальная информация
|2 stltpush
|3 (RuTPU)RU\TPU\subj\37864
|9 58636
|
| 610 |
1 |
|
|a социология
|
| 610 |
1 |
|
|a социальные процессы
|
| 610 |
1 |
|
|a информациональный анализ
|
| 610 |
1 |
|
|a информационные системы
|
| 610 |
1 |
|
|a комплектование
|
| 610 |
1 |
|
|a социологическая информатика
|
| 686 |
|
|
|a С55.562
|v LBC/SL-A
|2 rubbk
|
| 700 |
|
1 |
|a Рейзема
|b Я. В.
|g Ян Вильямович
|
| 712 |
0 |
2 |
|a Академия наук СССР (АН СССР)
|b Институт социологических исследований (ИСИ)
|c (Москва)
|c (1972-1988)
|2 stltpush
|3 (RuTPU)RU\TPU\col\4722
|
| 801 |
|
1 |
|a RU
|b 63413507
|c 20150707
|
| 801 |
|
2 |
|a RU
|b 63413507
|c 20190607
|g RCR
|
| 942 |
|
|
|c BK
|